| 000 | 00894nam a22002171i 4500 | ||
|---|---|---|---|
| 001 | 179616 | ||
| 003 | ES-MaACL | ||
| 005 | 20250731063047.0 | ||
| 008 | 111226s1919 sp |||| | spa d | ||
| 100 | 1 |
_aSuárez Zamora, Rodrigo _9108669 |
|
| 245 | 1 | 3 |
_aLa tuberculosis en los niños _b: causas predisponentes : consejos a los padres para evitarlas o atenuarlas / _cpor Rodrigo Suárez Zamora. |
| 260 |
_aMadrid : _bSociedad Española de Higiene, _c[1919?] |
||
| 300 |
_a35 p. ; _c22 cm. |
||
| 490 | 1 |
_aLegado Roel : Colección de Memorias Premiadas ; _v24 |
|
| 500 | _aConcurso de 1918-1919. | ||
| 650 | 4 |
_aTuberculosis en niños- _xPrevención. _9148841 |
|
| 710 | 2 |
_aSociedad Española de Higiene. _96725 |
|
| 830 | 0 | 0 |
_aLegado Roel: Colección de memorias premiadas _v24 _9183286 |
| 852 |
_aES-MaACL _jC-8171(19) _z.- Encuadernado con otras obras |
||
| 999 |
_c179616 _d179616 |
||